[Event "6th Konex it"]
[Site "Buenos Aires ARG"]
[Date "1988.04.??"]
[Round "15"]
[White "Milos, Gilberto"]
[Black "Slipak, Sergio David"]
[Result "1-0"]
[WhiteElo "2510"]
[BlackElo "2395"]
[EventDate "1988.04.07"]
[PlyCount "75"]

1.Nf3 Nf6 2.c4 e6 3.Nc3 Bb4 4.Qc2 O-O 5.e4 d6 6.a3 Bxc3 7.dxc3 Nbd7 8.Bg5 
a5 9.a4 e5 10.Nd2 h6 11.Bh4 Qe8 12.Be2 Nh7 13.Nf1 Nc5 14.Ne3 Ne6 15.Bg4 
Nf4 16.Bxc8 Qxc8 17.f3 Ng6 18.Bf2 Ne7 19.O-O b6 20.b4 Nf6 21.Rfd1 Qe6 22.
Rd2 Nd7 23.Qd3 f5 24.exf5 Nxf5 25.Qd5 Rae8 26.Qxe6+ Rxe6 27.Nd5 Rc8 28.
bxa5 bxa5 29.h3 Nc5 30.g4 Ne7 31.Bxc5 dxc5 32.Re1 Ng6 33.f4 Ree8 34.f5 Nf8
35.f6 c6 36.Ne7+ Rxe7 37.fxe7 Ng6 38.Rd8+ 1-0